=LDR 00000nam 2200000 4500 =001 INLIS000000000028288 =005 20210420074352 =035 ##$$a 0010-061300000028288 =008 210420################g##########0#ind## =041 ##$$a Ind =082 ##$$a 371.272 =090 ##$$a 371.272, Pem p =245 ##$$a Pemantapan menghadapi SPMB IPS 2007 /$c Tim Widya Gamma =260 ##$$a Bandung :$b Mitra Gama Widya,$c 2006 =300 ##$$a 320 hlm., 30 cm ; $c 28 x 20 cm =650 #4$$a Evaluasi Belajar =700 #$$a Tim Widay Gamma =850 ##$$a NBPNMAT =084 ##$$a 371.272 PEM =250 ##$$a cet.1 =990 ##$$a 20706418 =990 ##$$a 20706423 =990 ##$$a 1200701653